How plants grow / (Record no. 9350)

MARC details
000 -LEADER
fixed length control field 01051nam a22002897a 4500
001 - CONTROL NUMBER
control field 9350
003 - CONTROL NUMBER IDENTIFIER
control field FISKH
005 - DATE AND TIME OF LATEST TRANSACTION
control field 20251211143338.0
008 - FIXED-LENGTH DATA ELEMENTS--GENERAL INFORMATION
fixed length control field 251211b cb ||||| |||| 00| 0 eng d
020 ## - INTERNATIONAL STANDARD BOOK NUMBER
International Standard Book Number 9781433335778
040 ## - CATALOGING SOURCE
Original cataloging agency FISKH
Language of cataloging eng
Transcribing agency FISKH
Modifying agency FISKH
050 ## - LIBRARY OF CONGRESS CALL NUMBER
Classification number QK49.R53
082 ## - DEWEY DECIMAL CLASSIFICATION NUMBER
Classification number 571.8
100 ## - MAIN ENTRY--PERSONAL NAME
Personal name Rice, Dona Herweck
Relator term Author
245 ## - TITLE STATEMENT
Title How plants grow /
Statement of responsibility, etc. Dona Herweck Rice
260 ## - PUBLICATION, DISTRIBUTION, ETC.
Place of publication, distribution, etc. Huntington Beach :
Name of publisher, distributor, etc. Teacher Created Materials, Inc. ,
Date of publication, distribution, etc. 2012
300 ## - PHYSICAL DESCRIPTION
Extent 12 pages :
Other physical details photographs ;
Dimensions 20 cm
490 ## - SERIES STATEMENT
Series statement Time for Kids
505 ## - FORMATTED CONTENTS NOTE
Formatted contents note E<br/>
520 ## - SUMMARY, ETC.
Summary, etc. Beginning readers explore the steps to make plants grow! Readers will learn about various parts of the plant including seeds, roots and leaves in this engaging nonfiction title. Featuring vivid, clear photos and simple, informational text, even the most reluctant reader will be captivated!.
521 8# - TARGET AUDIENCE NOTE
Target audience note 210<br/>
Source Lexile<br/>
521 8# - TARGET AUDIENCE NOTE
Target audience note E<br/>
Source Raz-Plus<br/>
650 ## - SUBJECT ADDED ENTRY--TOPICAL TERM
Topical term or geographic name entry element Educational
Form subdivision Non-fiction
650 ## - SUBJECT ADDED ENTRY--TOPICAL TERM
Topical term or geographic name entry element Farm
Form subdivision Family
942 ## - ADDED ENTRY ELEMENTS (KOHA)
Source of classification or shelving scheme Dewey Decimal Classification
Koha item type Books
Suppress in OPAC No
Holdings
Withdrawn status Lost status Source of classification or shelving scheme Damaged status Not for loan Collection Home library Current library Shelving location Date acquired Total Checkouts Full call number Barcode Date last seen Copy number Price effective from Koha item type
    Dewey Decimal Classification     Non-Fiction Footprints International School Library Network Toul Tom Poung Campus Footprints International School Library Network Toul Tom Poung Campus TTP Primary Green Bookshelves 12/11/2025   RIC 571.8 QK49.R53 FIS02796 12/11/2025 1 12/11/2025 Books